El apego y la pérdida
Gardado en:
| Autor Principal: | |
|---|---|
| Formato: | Libro |
| Idioma: | Lingua castelá |
| Publicado: |
Buenos Aires
Paidós
2009
|
| Edición: | 1a. ed |
| Series: | Paidós Psicología Profunda, 49-50
|
| Subjects: | |
| Tags: |
Engadir etiqueta
Sen Etiquetas, Sexa o primeiro en etiquetar este rexistro!
|
MARC
| LEADER | 00000cam a2200000 a 4500 | ||
|---|---|---|---|
| 001 | UCE1149 | ||
| 003 | CL-VaPUC | ||
| 008 | 140331e20090000ag |||||||||||||||||spa|d | ||
| 020 | |a 9789501240238v.2 | ||
| 020 | |a 9789501240269v.3 | ||
| 082 | 0 | 4 | |a 152.4 |b BOW |2 21 |
| 100 | 0 | |a Bowlby, John |e author |9 573524 | |
| 245 | 1 | 3 | |a El apego y la pérdida |
| 250 | |a 1a. ed | ||
| 300 | |a v | ||
| 942 | |c BK | ||
| 945 | |d 20140331 09:48:00 |a dcastane | ||
| 260 | |a Buenos Aires |b Paidós |c 2009 | ||
| 500 | |a v.2: La separación | ||
| 500 | |a v.3: La pérdida. Tristeza y depresión | ||
| 650 | 0 | |a Psicoanálisis |9 265702 | |
| 650 | 7 | |a PSICOLOGIA AFECTIVA |2 CL-VaPUC |9 573525 | |
| 650 | 0 | |a Naturaleza humana |9 308593 | |
| 650 | 0 | |a Psicología |9 257863 | |
| 650 | 7 | |a CARACTERISTICAS PSICOLOGICAS |2 CL-VaPUC |9 336177 | |
| 583 | |a last modification |c 20181011 05:16:30 |k Rodrigo Vera | ||
| 490 | 0 | |a Paidós Psicología Profunda, 49-50 | |
| 999 | |c 355056 |d 355054 | ||
| 952 | |0 0 |1 0 |3 erb |4 0 |6 152_400000000000000_BOW_2009 |7 0 |8 A |9 461405 |a BIBGIM |b BIBGIM |h v.3 |i 5064392 |l 1 |o 152.4 BOW 2009 |p 5064392 |r 2025-01-15 |s 2022-11-21 |w 2019-11-23 |y BK |z Catalogado en:20140331 |k SSL | ||
| 952 | |0 0 |1 0 |3 erb |4 0 |6 152_400000000000000_BOW_2009 |7 0 |8 A |9 461406 |a BIBGIM |b BIBGIM |h v.3 |i 5064406 |o 152.4 BOW 2009 |p 5064406 |r 2025-01-15 |w 2019-11-23 |y BK |z Catalogado en:20140331 |k SSL | ||
| 952 | |0 0 |1 0 |3 erb |4 0 |6 152_400000000000000_BOW_2009 |7 0 |8 A |9 461407 |a BIBGIM |b BIBGIM |h v.3 |i 5064414 |o 152.4 BOW 2009 |p 5064414 |r 2025-01-15 |w 2019-11-23 |y BK |z Catalogado en:20140331 |k SSL | ||
| 952 | |0 0 |1 0 |3 erb |4 0 |6 152_400000000000000_BOW_2009 |7 0 |8 A |9 461408 |a BIBGIM |b BIBGIM |h v.2 |i 508279K |o 152.4 BOW 2009 |p 508279K |r 2025-01-15 |w 2019-11-23 |y BK |z Catalogado en:20140605 |k SSL | ||
| 952 | |0 0 |1 0 |3 erb |4 0 |6 152_400000000000000_BOW_2009 |7 0 |8 A |9 461409 |a BIBGIM |b BIBGIM |h v.2 |i 5082803 |o 152.4 BOW 2009 |p 5082803 |r 2025-01-15 |w 2019-11-23 |y BK |z Catalogado en:20140605 |k SSL | ||
| 952 | |0 0 |1 0 |3 erb |4 0 |6 152_400000000000000_BOW_2009 |7 0 |8 A |9 461410 |a BIBGIM |b BIBGIM |h v.2 |i 5082811 |o 152.4 BOW 2009 |p 5082811 |r 2025-01-15 |w 2019-11-23 |y BK |z Catalogado en:20140605 |k SSL | ||